Weight training / (Record no. 9195)
[ view plain ]
| 000 -LEADER | |
|---|---|
| fixed length control field | 00732nam a22002297a 4500 |
| 003 - CONTROL NUMBER IDENTIFIER | |
| control field | OSt |
| 005 - DATE AND TIME OF LATEST TRANSACTION | |
| control field | 20140310182101.0 |
| 008 - FIXED-LENGTH DATA ELEMENTS--GENERAL INFORMATION | |
| fixed length control field | 130823t xxu||||| |||| 00| 0 eng d |
| 020 ## - INTERNATIONAL STANDARD BOOK NUMBER | |
| International Standard Book Number | 9780736807081 |
| 050 ## - LIBRARY OF CONGRESS CALL NUMBER | |
| Classification number | GV 546.6.C45 |
| Item number | .G43 2001 |
| 082 ## - DEWEY DECIMAL CLASSIFICATION NUMBER | |
| Classification number | HS 613.7 |
| Item number | .G26 2001 |
| 100 ## - MAIN ENTRY--PERSONAL NAME | |
| Personal name | Gedatus, Gustav Mark. |
| 9 (RLIN) | 12778 |
| 245 ## - TITLE STATEMENT | |
| Title | Weight training / |
| Statement of responsibility, etc | Gus Gedatus. |
| 260 ## - PUBLICATION, DISTRIBUTION, ETC. (IMPRINT) | |
| Place of publication, distribution, etc | Minnesota : |
| Name of publisher, distributor, etc | Life Matters, |
| Date of publication, distribution, etc | c2001. |
| 300 ## - PHYSICAL DESCRIPTION | |
| Extent | 64 p. : |
| Other physical details | ill, ; |
| Dimensions | 24 cm. |
| 500 ## - GENERAL NOTE | |
| General note | includes bibliographical references and index. |
| 541 ## - IMMEDIATE SOURCE OF ACQUISITION NOTE | |
| -- | 1 |
| 562 ## - COPY AND VERSION IDENTIFICATION NOTE | |
| Number of copies | 1 |
| 650 ## - SUBJECT ADDED ENTRY--TOPICAL TERM | |
| Topical term or geographic name as entry element | Weight training for children. |
| General subdivision | Juvenile literature. |
| 9 (RLIN) | 12779 |
| 650 ## - SUBJECT ADDED ENTRY--TOPICAL TERM | |
| Topical term or geographic name as entry element | Physical fitness for children. |
| General subdivision | Juvenile literature. |
| 9 (RLIN) | 12780 |
| 942 ## - ADDED ENTRY ELEMENTS (KOHA) | |
| Source of classification or shelving scheme | Library of Congress Classification |
| Koha item type | |
| Withdrawn status | Lost status | Source of classification or shelving scheme | Damaged status | Home library | Current library | Shelving location | Date acquired | Total Checkouts | Full call number | Barcode | Date last seen | Copy number | Price effective from | Koha item type |
|---|---|---|---|---|---|---|---|---|---|---|---|---|---|---|
| Library of Congress Classification | Luxembourg Library | Luxembourg Library | High School Section | 08/23/2013 | GV 546.6.C45 .G43 2001 | 17190 | 08/23/2013 | 1 | 08/23/2013 | Books |